| 000 | 00493nam a22001937a 4500 | ||
|---|---|---|---|
| 999 |
_c20868 _d20868 |
||
| 003 | BDDh-ASL | ||
| 005 | 20231015025938.0 | ||
| 008 | 210114n ||||| |||| 00| 0 eng d | ||
| 040 | _cBDDh-ASL | ||
| 082 |
_a301 _bPHS |
||
| 100 | 1 |
_92771 _aPhillips, Bernard S. |
|
| 245 | 1 | 0 |
_aSocial Research: _bStrategy and Tactics / |
| 250 | _aThird Edition | ||
| 260 | _bMacmillan, | ||
| 300 |
_a365 p.: _c24 cm. |
||
| 504 | _aInclude Index | ||
| 650 | 0 |
_92391 _aSocial Science |
|
| 942 |
_2ddc _cBK |
||